00562cam a2200157 a 450000100100000000500170001000800410002704000250006808200200009310000420011324500260015526000970018130000210027844000600029965000450035900000280520200929150247.0730405s1970 sp b 001 f spa  aDO-SdBNPbspacBNPHU a809.3872bR696n1 aRodríguez Joulia Saint-Cyr, Carlos.13aLa novela de intriga. aMadrid :bANABA. Asociación Nacional de Bibliotecarios, Archiveros y Arqueólogos,c1970. a126 p. ;c18 cm. 0aBiblioteca profesional de ANABA ;p3 cuadernos :vno. 2 4aNovela policíacaxHistoria y crítica